Eldorado tvorivosti Výdatný gejzír pomoci výskumníkov z Rovinky

Bibliographic Details
Main Author: Dukes, Jozef (Author)
Format: Article
Language:Slovak
Subjects:

MARC

LEADER 00000nab a2200000 a 4500
001 vtls000182654
003 SK-MaSNL
005 20260302202114.0
008 111106c1984 xo 0 slo
015 |a SNBRB19rr/mm-uuuuu 
035 |a CL0192767 
040 |a SNKBUCL  |b slo  |c SNKBUCL  |e AACR2 
041 0 |a slo 
044 |a xo  |c SK 
080 |a 631.3:061.6  |2 1981 
080 |a 061.6  |2 1981 
080 |a 608  |2 1981 
080 |a 061.2  |2 1981 
100 1 |a Dukes, Jozef  |4 aut  |9 328679 
245 1 0 |a Eldorado tvorivosti  |b Výdatný gejzír pomoci výskumníkov z Rovinky  |c Jozef Dukes 
610 7 |a Výskumný ústav poľnohospodárskej techniky (Rovinka, Slovensko)  |2 snkbucl  |9 923432 
651 7 |a 5201  |2 snkbucl  |9 277970 
655 7 |a články z novín a časopisov  |2 snkbucl  |9 267496 
773 0 |t Roľnícke noviny  |g Roč. 39, č. 123 (26. 5. 1984), s. 5 
850 |a Slovenská národná knižnica v Martine  |a MTA001 
852 |a SNK  |b KIS3GCP 
958 |a RK 
992 |a RBX 
999 |c 1463421  |d 1465351